|
|
|
|
| LEADER |
00000nas a2200000 a 4500 |
| 001 |
ssj0001316 |
| 003 |
WaSeSS |
| 005 |
20200512172242.0 |
| 006 |
m d |
| 007 |
cr n |
| 008 |
980803c19849999maumr pss 0 a0eng c |
| 010 |
|
|
|a sn 98004837
|z sn 98007826
|
| 022 |
|
|
|a 1520-0426
|y 0739-0572
|
| 035 |
|
|
|a (WaSeSS)ssj0001316
|
| 037 |
|
|
|b American Meteorological Society, 45 Beacon Street, Boston, MA 02108
|
| 040 |
|
|
|a NSD
|b eng
|c NSD
|d OCL
|d OCLCQ
|d TXA
|d OCLCQ
|d OCL
|d CIT
|d OCLCQ
|d DLC
|d OCLCF
|d OCLCQ
|d OCLCE
|d VT2
|d WaSeSS
|
| 042 |
|
|
|a nsdp
|a pcc
|
| 050 |
1 |
4 |
|a QC851
|b .J68
|
| 082 |
1 |
0 |
|a 551
|2 13
|
| 130 |
0 |
|
|a Journal of atmospheric and oceanic technology (Online)
|
| 210 |
0 |
|
|a J. atmos. ocean. technol.
|b (Online)
|
| 222 |
|
0 |
|a Journal of atmospheric and oceanic technology
|b (Online)
|
| 245 |
1 |
0 |
|a Journal of atmospheric and oceanic technology
|h [electronic resource].
|
| 260 |
|
|
|a Boston, MA :
|b American Meteorological Society,
|c 1984-
|
| 310 |
|
|
|a Monthly,
|b 1999-
|
| 321 |
|
|
|a Quarterly,
|b 1984-1987
|
| 321 |
|
|
|a Semimonthly,
|b 1988-1998
|
| 362 |
0 |
|
|a Vol. 1, no. 1 (Mar. 1984)-
|
| 500 |
|
|
|a Title from issue table of contents (American Meteorological Society website, viewed on Jan. 5, 2004).
|
| 506 |
|
|
|a License restrictions may limit access.
|
| 588 |
|
|
|a Latest issue consulted: Vol. 20, no. 12 (Dec. 2003).
|
| 650 |
|
0 |
|a Meteorology
|x Research
|v Periodicals.
|
| 650 |
|
7 |
|a Meteorology
|x Research.
|2 fast
|0 (OCoLC)fst01018488
|
| 655 |
|
0 |
|a Electronic journals.
|
| 710 |
2 |
|
|a American Meteorological Society.
|
| 776 |
0 |
8 |
|i Print version:
|t Journal of atmospheric and oceanic technology
|x 0739-0572
|w (DLC)sf 93093544
|w (OCoLC)9672043
|
| 856 |
4 |
0 |
|z Full text available from Research Library: 06/01/1998 to 10/31/1999
|u https://search.proquest.com/publication/33207
|
| 856 |
4 |
0 |
|z Full text available from Research Library: 02/02/2001 to 2 years ago
|u https://search.proquest.com/publication/33207
|